| 000 | 00552nam a2200181Ia 4500 | ||
|---|---|---|---|
| 003 | GCL | ||
| 008 | 140319s9999 xx 000 0 ara d | ||
| 040 |
_aGCL / _cGCL |
||
| 082 | 0 | 4 |
_aم _b017.5 _bم ف |
| 100 | 1 | _aاسماء الحمصى | |
| 245 | 1 | 0 |
_aفهرس مخطوطات دار الكتب الظاهرية : علوم اللغة العربية / _cاسماء الحمصى |
| 300 | _a730 ص | ||
| 490 | _a | ||
| 650 | 0 | 4 | _aاللغة العربية |
| 650 | 0 | 4 | _aالمخطوطات العربية |
| 650 | 0 | 4 | _aالفهارس |
| 942 |
_2ddc _cBK |
||
| 999 |
_c46403 _d46403 |
||